Class, race and colonialism in West Malaysia the Indian case /

Bibliographic Details
Main Author: Stenson, Michael R.
Corporate Author: ProQuest (Firm)
Format: Electronic eBook
Language:English
Published: Vancouver : University of British Columbia Press, 1980.
Subjects:
Online Access:Click to View
LEADER 01399nam a2200373Ia 4500
001 EBC3412531
003 MiAaPQ
005 20200520144314.0
006 m o d |
007 cr cn|||||||||
008 800328s1980 bccaf sb 001 0 eng d
020 |z 9780774801225 
020 |z 0774801220 
020 |a 9780774857871 (electronic bk.) 
035 |a (MiAaPQ)EBC3412531 
035 |a (Au-PeEL)EBL3412531 
035 |a (CaPaEBR)ebr10227164 
035 |a (CaONFJC)MIL322678 
035 |a (OCoLC)923446360 
040 |a MiAaPQ  |c MiAaPQ  |d MiAaPQ 
050 4 |a HC445.5  |b .S74 1980 
100 1 |a Stenson, Michael R. 
245 1 0 |a Class, race and colonialism in West Malaysia  |h [electronic resource] :  |b the Indian case /  |c Michael Stenson. 
260 |a Vancouver :  |b University of British Columbia Press,  |c 1980. 
300 |a xii, 234 p., [8] p. of plates :  |b ill. 
500 |a Includes index. 
504 |a Bibliography: p. [215]-223. 
533 |a Electronic reproduction. Ann Arbor, MI : ProQuest, 2015. Available via World Wide Web. Access may be limited to ProQuest affiliated libraries. 
650 0 |a East Indians  |z Malaysia  |z Malaya. 
651 0 |a Malaya  |x Economic conditions. 
651 0 |a Malaya  |x Politics and government. 
655 4 |a Electronic books. 
710 2 |a ProQuest (Firm) 
856 4 0 |u https://ebookcentral.proquest.com/lib/matrademy/detail.action?docID=3412531  |z Click to View